Countries sharing last 3 letters #1 - Statistics

General Stats
  • This quiz has been taken 521 times
    348 since last reset
  • The average score is 14 of 23
Answer Stats
Hint Answer % Correct
-ada Canada
86%
-ain Bahrain
80%
-dor Ecuador
80%
Sudan
79%
South Sudan
75%
-nia Albania
69%
Grenada
64%
India
64%
-dia Cambodia
60%
Romania
59%
-ina Argentina
58%
Lithuania
56%
Slovenia
56%
Spain
56%
Bosnia and Herzegovina
54%
Estonia
53%
Armenia
52%
El Salvador
52%
Tanzania
50%
China
45%
Mauritania
44%
-dan Jordan
38%
North Macedonia
37%
No matching quizzes found
Score Distribution
Percent of People with Each Score
Percentile by Number Answered
Your Score History
You have not taken this quiz since the last reset